000
00249nam a22001217a 4500
003
SGT
082
_b
KHA
100
_a
KHAN, M.Y.
245
_a
FINANCIAL MANAGEMENT
260
_a
DELHI
_b
TATA MCGRAW HILL
_c
2007
300
_a
956
942
_2
ddc
_c
BK
999
_c
21309
_d
21309